Doing second language research

সংরক্ষণ করুন:
গ্রন্থ-পঞ্জীর বিবরন
প্রধান লেখক: Brown, James Dean (Author), Rodgers, Theodore (Author)
বিন্যাস: গ্রন্থ
ভাষা:ইংরেজি
প্রকাশিত: Oxford Oxford University Press 2002
সংস্করন:1a. ed
মালা:Oxford Handbooks for Language Teachers
বিষয়গুলি:
ট্যাগগুলো: ট্যাগ যুক্ত করুন
কোনো ট্যাগ নেই, প্রথমজন হিসাবে ট্যাগ করুন!

MARC

LEADER 00000nam a2200000 a 4500
001 UCI7631
003 CL-VaPUC
008 080718e20020000UK |||||||||||||||||eng|d
020 |a 9780194371742 
082 0 4 |a 418.007  |b BRO  |2 21 
100 0 |a Brown, James Dean  |e author  |9 530916 
700 0 |a Rodgers, Theodore  |e author  |9 530917 
245 1 0 |a Doing second language research 
250 |a 1a. ed 
300 |a 314 p 
942 |c BK 
945 |d 20080718 00:00:00  |a rbrito 
260 |a Oxford  |b Oxford University Press  |c 2002 
650 0 |a Lingüística aplicada   |9 313266 
650 0 |a Enseñanza del inglés  |9 367340 
650 0 |a Enseñanza de idiomas  |9 339820 
650 7 |a INGLES COMO SEGUNDA LENGUA  |2 CL-VaPUC  |9 446757 
583 |a last modification  |c 20080718 00:00:00  |k Rodrigo Vera 
490 0 |a Oxford Handbooks for Language Teachers 
999 |c 330848  |d 330846